| 000 | 00575nam a2200217Ia 4500 | ||
|---|---|---|---|
| 003 | OSt | ||
| 005 | 20230401094754.0 | ||
| 008 | 210423s2009 xx 000 0 und d | ||
| 020 | _a9788131507520 | ||
| 040 | _cAL | ||
| 041 | _aeng | ||
| 082 | _a658.15 MISK | ||
| 100 |
_aMISHRA (K C);GURIA (R C). _981452 |
||
| 245 | _aFinancial management and insurance accounting. | ||
| 250 | _a2 | ||
| 260 |
_aAustralia _bCengage Learning _c2009 |
||
| 300 |
_axiii,219 _bPB |
||
| 365 |
_b250 _cINR |
||
| 906 | _aaccounting. ; Financial ; insurance ; management | ||
| 942 |
_2ddc _cBK |
||
| 999 |
_c157793 _d157793 |
||